Quizzes
Events
Quiz Creation
Community
Videos
Private Events
Remove Ads
Sign In
Join for FREE
Feedback
Dark Mode
Quiz Categories
Sports
Geography
Music
Movies
Television
Just For Fun
Miscellaneous
History
Literature
Language
Science
Gaming
Entertainment
Religion
Holiday
For Kids
Quiz Lab
Recent
Popular Today
Quiz Kudos Today
Editor Picks
Curator Picks
Quizzes by...
Day
Popularity
Type
Ratings
Length
Year
Community
Subscriptions
Recent Discussions
Orange Saloon
Badges
Playlists
Quests
Create
Leaderboards
Showdown
Live 5
Trivia Bingo
Activity
Puzzle Library
Sporcle Events
Private Events
Virtual Trivia
Globe League
Become a Host
Pub Owners
SporcleCon
Opinionation
Our Games
Videos
Blog
Mobile Apps
Partnerships
Remove Ads and Go Orange
Feedback
Music
Pop Music
The Beatles
Song
Album
Lyrics
Bands
Singers
Artist
Clip
Rock
Rap
Classical
Billboard
Country Music
Kpop
Taylor Swift
Music
Pop Music
The Beatles
Song
Album
Lyrics
Bands
Singers
Artist
Clip
Rock
Rap
Classical
Billboard
Country Music
Kpop
Taylor Swift
Random Quiz
Search Sporcle
×
Quiz Lab
Quiz Lab
Music
Nintendo
Type in answers that appear in a list
Type in answers that appear in a list
Classic
Best Score? Go Orange.
Number Ones: Up Close and Personal Stats
Can you name the songs performed during Janet Jackson's Number Ones: Up Close and Personal concert tour?
By
magicalkidd
10m
28 Questions
105 Plays
105 Plays
105 Plays
Comments
Comments
Give Quiz Kudos
Give Quiz Kudos
-
- Ratings
hide this ad
Replay
Link that replays current quiz
Next Quiz
Link to next quiz in quiz playlist
You Got
0%
They Got
Avg Score
76%
Avg Friend Score
Upgrade to see
Score Distribution
Jump to the score distribution portion of the page
Score
0/28
Timer
10:00
0
Plays Today
Song Order
Song
% Correct
28.
Together Again
90.5%
2,
Control
89.5%
17.
All for You
89.5%
21.
Black Cat
88.6%
15.
Love Will Never Do (Without You)
87.6%
12.
Again
85.7%
22.
If
85.7%
8.
Nasty
83.8%
23.
Scream
83.8%
19.
That's the Way Love Goes
82.9%
7.
Miss You Much
81.9%
4.
Feedback
81%
16.
When I Think of You
81%
24.
Rhythm Nation
80%
Song Order
Song
% Correct
13.
Doesn't Really Matter
79%
14.
Escapade
79%
3,
What Have You Done For Me Lately
78.1%
10.
Come Back to Me
77.1%
11.
Let's Wait Awhile
74.3%
1.
The Pleasure Principle
72.4%
6.
Alright
71.4%
20.
I Get Lonely
70.5%
27.
Make Me
70.5%
26.
The Best Things in Life Are Free
66.7%
25.
Diamonds
65.7%
5.
You Want This
63.8%
18.
All Nite (Don't Stop)
52.4%
9.
Nothing
51.4%
Quiz Playlist
Details
Report
Send in Message
Add To Playlist
Classic:
Type in answers that appear in a list
Quiz Source
Last Updated: Feb 16, 2017
Quiz Scoreboard
CHALLENGE
Sign Up to Join the Scoreboard
Show All
Scores
Hide
Comments
May contain spoilers
Recently Published
Presidents Visiting Landmarks
by Hejman
History
7m
An Introduction to Baseball
by treessimontrees
Sports
5m
Movies - When Are They Set?
by FPL_Elf
Movies
5m
More to Explore
Quiz From the Vault
Featured Blog Post
Where Did the Easter Bunny Come From?
hide this ad
You Might Also Like...
Tags
Nintendo Quiz
Janet Jackson
Today's Top Quizzes in Music
Browse Music
hide this ad
Today's Top Quizzes in Nintendo
Browse Nintendo
Top Contributed Quizzes in Music
1
Taylor Swift All Songs (2024)
2
Guess the Artist- 70s Songs
3
Taylor Swift Logic Puzzle
4
KPOP LOGIC QUIZ
5
One Thing in Common: Music
6
2010s Album by Cover III
7
7-to-1: Billboard Hot 100 #1 Hits of 2010s
8
Guess the Taylor Swift song (Mystery Song)
9
Sorting Albums and Songs
10
2000s Album Cover Bunker
Explore More
Trending Topics
Disney
Harry Potter
Kpop
Crossword
Marvel
NBA
Anime
NFL
The Office
Puzzle
Pokémon
Soccer
WWE
Song
Country
hide this ad
More By:
magicalkidd
Quiz
Plays
Rating
Category
Featured
Created
Michael Jackson Opening Lyrics
3,261
4.73
Music
Jan 15, 2011
EastEnders - 30 Years of Cliffhangers
1,755
5.00
Television
Mar 28, 2018
All-Time Billboard 200
1,713
3.94
Music
Nov 12, 2015
Beyoncé Live!
1,647
5.00
Music
Sep 15, 2013
Madonna Live!
1,515
5.00
Music
Jan 24, 2013
Go to Creator's Profile
Score Distribution
Quiz Creator Spotlight
magicalkidd
Follow
Send a Message
Quizzes Created
-
Created Quiz Play Count
-
More By This Creator
Popular Quizzes Today
1
Find the US States - No Outlines Minefield
2
Find the Countries of Europe - No Outlines Minefield
3
The Countries of the World
4
Find the US States
5
Popular People in 1961
6
US States
7
Risky Map Clicking: Biggest States A-Z
8
1-10 Letter E Words III
More Music Quizzes
Mega-Sorting Gallery: Classical Music
Editor's Pick
Trending Quizzes
Risky Map Clicking: Least Populous States A-Z
1-10 Letter G Words
1-10 Letter F Words
One Thing in Common: United Kingdom
Risky Map Clicking: Next State Alphabetically
Recently Updated
Leaping Animals
pecheneg
Reality TV Shows (A-Z)
bhenderson79
Rickey Henderson's Hall of Fame Teammates
pecheneg
Champions League XIs: Arsenal
pecheneg
Quick Pick: Celebrities in WWE's Hall of Fame
aduchscher
A-Z Keypad Blitz II
pecheneg
Multiple Oscar Actors
pecheneg
Mystery Phrase Blitz: Oscar 'Best Actors'
pecheneg
F. Scott Fitzgerald Novels
LTH
Pick 3 Villains
ddd62291
Trending Topics
Disney
Harry Potter
NBA
Anime
Kpop
Marvel
Crossword
Pokémon
Song
Soccer
WWE
NFL
Country
The Office
Puzzle
Your Account Isn't Verified!
In order to create a playlist on Sporcle, you need to verify the email address you used during registration. Go to your
Sporcle Settings
to finish the process.
Report this User
Report this user for behavior that violates our
Community Guidelines
.
Details:
Send Report
Go to the Sporcle.com Mobile Site →
Comments